| 000 | 01411cam a22002054a 4500 | ||
|---|---|---|---|
| 005 | 20250605164226.0 | ||
| 008 | 250528s ||||||||||||||||||||||||d | ||
| 035 | _a20870 | ||
| 020 | _a9789601221847 | ||
| 040 |
_aGR-AtMCL _bgre _dGR-AtMCL _eAACR2 |
||
| 245 | 1 | _aΕισαγωγή στην Ανάπτυξη της Γλώσσας | |
| 250 | _a1η | ||
| 260 |
_bUniversity Studio Press, _c2014 |
||
| 300 | _a164 | ||
| 520 | _aΈνα εγχειρίδιο με στόχο την περιγραφή και ερμηνεία βασικών σταδίων που εμφανίζονται στη γλώσσα του Παιδιου καθώς αυτό αναπτύσσεται. Πρόλογος, Ανάπτυξη του Παιδιού και Γλώσσα, Πρώιμη Γλωσσική Ανάπτυξη, Η Γλωσσική Ανάπτυξη κατά την Προσχολική Περίοδο (3-6), Η Γλωσσική Ανάπτυξη κατα τα Σχολικά Χρόνια (6-12), Ανάπτυξη Δύο (ή Περισσότερων) Γλωσσών στην Παιδική Ηλικία, Ερμηνεύοντας την Ανάπτυξη Γλώσσας, Διαταραχές του Λόγου στην Προσχολική Ηλικία, Παράρτημα, Βιβλιογραφία, Ευρετήριο. | ||
| 700 | 1 |
_aΜότσιου Ελένη _96844 |
|
| 942 | _cBK | ||
| 999 |
_c5951 _d5951 |
||